000 00556 a2200181 4500
020 _a0-521-30726-0
020 _a0-521-31448-8
040 _aDLC
_bDLC
082 _a509
100 1 _aBrown, Robert Hanbury
245 0 4 _aThe wisdom of science : its relevance to culture and religion
_bits relevance to culture and religion
_cHanbury Brown
260 _aCambridge :
_bCambridge University Press,
_c1986
300 _aviii, 194 s. :
_bill.
650 7 _aScience
_xHistory
650 7 _ascience
650 7 _aPhilosophy of science
942 _cBK
_k509 BRO
_2ddc
999 _c7379
_d7379